Musingsm on Self 'N' Society: (Record no. 207481)
[ view plain ]
| 000 -LEADER | |
|---|---|
| fixed length control field | 00582nam a22001937a 4500 |
| 005 - DATE AND TIME OF LATEST TRANSACTION | |
| control field | 20241206163229.0 |
| 010 ## - LCCN (DPL NO) | |
| LC control number | ENG-142869 |
| 020 ## - INTERNATIONAL STANDARD BOOK NUMBER | |
| Terms of availability | 140.00 |
| International Standard Book Number | 9789392080654 |
| 035 ## - SYSTEM CONTROL NUMBER | |
| System control number | EN-126401 |
| 037 ## - SOURCE OF ACQUISITION | |
| Source of stock number/acquisition | DBAD |
| 082 ## - DEWEY DECIMAL CLASSIFICATION NUMBER | |
| Classification number | 321.07 |
| 100 ## - MAIN ENTRY--PERSONAL NAME | |
| Personal name | Kaur, Harpreet |
| 245 ## - TITLE STATEMENT | |
| Title | Musingsm on Self 'N' Society: |
| Statement of responsibility, etc | by Harpreet Kaur [and] Ishleen Kaur Lamba |
| Remainder of title | A Long Poem/ |
| 250 ## - EDITION STATEMENT | |
| Edition statement | 1 |
| 260 ## - PUBLICATION, DISTRIBUTION, ETC. (IMPRINT) | |
| Place of publication, distribution, etc | Allahabad |
| Name of publisher, distributor, etc | Kitab Mahal |
| Date of publication, distribution, etc | 2023 |
| 270 ## - ADDRESS | |
| Address | 22-A, Sarojini Naidu Marg, |
| City | Allahabad |
| Postal code | 211001 |
| 300 ## - PHYSICAL DESCRIPTION | |
| Extent | 128p. |
| Dimensions | 21cm(pb) |
| 942 ## - ADDED ENTRY ELEMENTS (KOHA) | |
| Source of classification or shelving scheme | Dewey Decimal Classification |
| Item type | English Books |
| Call number suffix | KAU |
| Classification part | 321.07 |
| Withdrawn status | Lost status | Not for loan | Collection code | Home library | Current library | Date acquired | Source of acquisition | Cost, normal purchase price | Full call number | Barcode | Copy number | Cost, replacement price | Koha item type |
|---|---|---|---|---|---|---|---|---|---|---|---|---|---|
| Non-fiction | Janak Puri | Janak Puri | 06/12/2024 | Delivery of Books Division | 140.00 | KAU 321.07 | EN-126401 | 1 | 140.00 | English Books |
